00480 2200205 4500245003400000020002200034250001100056100002100067700001600088650001700104650001000121005001900131260004200150041001400192084000800206300002000214336000900234337001000243338002100253 aCircecMiller, MadelinehText a978-602-06-2895-0 aCet. 1 aMiller, Madeline aLulu Wijaya aNovel Remaja aEbook a20230616132539 aJakartabGramedia Pustaka Utamac2018 aIndonesia a813 a544 hlm. :cPDF atext aother aother (computer)